000 00268nam a2200109Ia 4500
008 220624s9999 xx 000 0 und d
020 _a0624031497
082 _aRef423.3936 JOU
100 _aP.A Joubert
_9148395
245 0 _aBilingual phrase Dictionary
942 _cBK
_w561
_xJohn Tresidder
_y561
_zJohn Tresidder
999 _c684718
_d684717